000 00976nam a2200253 a 4500
001 40133
003 BD-RjUL
005 20211209053137.0
008 160423r19761975bg ||||| |||| 00| 0 ben d
020 _c: TK 15.00
035 _a(BD-RjUL)40248
040 _aBD-RjUL
_bben
_cBD-RjUL
041 _aben
082 _223
_a351.03
_bPRA 1976
245 0 0 _aপ্রশাসনিক পরিভাষা /
_cবাংলা একাডেমী কর্তৃক সংকলিত
260 _aঢাকা :
_bবাংলা একাডেমী,
_c১৯৭৫-১৯৭৬
300 _a[১০], ২৮৪ পৃ. ;
_c২১ সেমি
490 _aবাএ ;
_v৬৬৯
650 _aলোক প্রশাসন
_xঅভিধান
_9123579
650 _aPublic Addministration
_xDictionaries
_9123580
710 _aবাংলা একাডেমী, সংকলক
_9223474
830 _aবাএ ;
_v৬৬৯
_9223495
942 _2ddc
_cBK
999 _c40133
_d40133